<?xml version="1.0" encoding="UTF-8"?>
<record
    xmlns:xsi="http://www.w3.org/2001/XMLSchema-instance"
    xsi:schemaLocation="http://www.loc.gov/MARC21/slim http://www.loc.gov/standards/marcxml/schema/MARC21slim.xsd"
    xmlns="http://www.loc.gov/MARC21/slim">

  <leader>01155cam a2200241 a 4500</leader>
  <controlfield tag="001">15630106</controlfield>
  <controlfield tag="003">OSt</controlfield>
  <controlfield tag="005">20230822120415.0</controlfield>
  <controlfield tag="008">090219s2009    nyu           001 0 eng  </controlfield>
  <datafield tag="010" ind1=" " ind2=" ">
    <subfield code="a">  2009006001</subfield>
  </datafield>
  <datafield tag="020" ind1=" " ind2=" ">
    <subfield code="a">9780367241957</subfield>
  </datafield>
  <datafield tag="040" ind1=" " ind2=" ">
    <subfield code="a">DLC</subfield>
    <subfield code="c">DLC</subfield>
    <subfield code="d">BTCTA</subfield>
    <subfield code="d">YDXCP</subfield>
    <subfield code="d">C#P</subfield>
    <subfield code="d">BWX</subfield>
    <subfield code="d">CDX</subfield>
    <subfield code="d">DLC</subfield>
  </datafield>
  <datafield tag="050" ind1="0" ind2="0">
    <subfield code="a">HF5387</subfield>
    <subfield code="b">.C349 2009</subfield>
  </datafield>
  <datafield tag="082" ind1="0" ind2="0">
    <subfield code="a">174.4</subfield>
    <subfield code="b">CAR/B</subfield>
  </datafield>
  <datafield tag="100" ind1="1" ind2=" ">
    <subfield code="a">Carroll, Archie B.</subfield>
    <subfield code="9">9336</subfield>
  </datafield>
  <datafield tag="245" ind1="1" ind2="0">
    <subfield code="a">Business ethics :</subfield>
    <subfield code="b">brief readings on vital topics /</subfield>
    <subfield code="c">Archie B. Carroll.</subfield>
  </datafield>
  <datafield tag="260" ind1=" " ind2=" ">
    <subfield code="a">New York :</subfield>
    <subfield code="b">Routledge,</subfield>
    <subfield code="c">2009.</subfield>
  </datafield>
  <datafield tag="300" ind1=" " ind2=" ">
    <subfield code="a">xvi, 284 p. ;</subfield>
    <subfield code="c">24 cm.</subfield>
  </datafield>
  <datafield tag="500" ind1=" " ind2=" ">
    <subfield code="a">Includes index.</subfield>
  </datafield>
  <datafield tag="505" ind1="0" ind2=" ">
    <subfield code="a">Thinking about business ethics and corporate citizenship -- Compliance, companies, and corporate governance -- Ethical leadership : the heart of moral direction -- Ethics issues and guidelines for decision making -- Spirituality and business ethics -- Ethics, organizations, and management -- Stakeholders, environment, and sustainability -- Employee stakeholders -- Consumer stakeholders -- Global topics in business ethics.</subfield>
  </datafield>
  <datafield tag="650" ind1=" " ind2="0">
    <subfield code="a">Business ethics.</subfield>
  </datafield>
  <datafield tag="942" ind1=" " ind2=" ">
    <subfield code="2">ddc</subfield>
    <subfield code="c">BK</subfield>
    <subfield code="h">174.4</subfield>
    <subfield code="i">CAR/B</subfield>
    <subfield code="k">174.4</subfield>
    <subfield code="m">CAR/B</subfield>
  </datafield>
  <datafield tag="952" ind1=" " ind2=" ">
    <subfield code="0">0</subfield>
    <subfield code="1">0</subfield>
    <subfield code="2">ddc</subfield>
    <subfield code="4">0</subfield>
    <subfield code="7">0</subfield>
    <subfield code="8">ETHICS</subfield>
    <subfield code="a">MES</subfield>
    <subfield code="b">MES</subfield>
    <subfield code="c">ETHICS</subfield>
    <subfield code="d">2023-08-24</subfield>
    <subfield code="l">3</subfield>
    <subfield code="m">2</subfield>
    <subfield code="o">174.4 CAR/B</subfield>
    <subfield code="p">42141</subfield>
    <subfield code="r">2025-01-08 12:12:48</subfield>
    <subfield code="s">2024-12-20</subfield>
    <subfield code="v">1595.00</subfield>
    <subfield code="w">2023-08-24</subfield>
    <subfield code="y">BK</subfield>
    <subfield code="z">GL45R4</subfield>
  </datafield>
  <datafield tag="999" ind1=" " ind2=" ">
    <subfield code="c">41943</subfield>
    <subfield code="d">41943</subfield>
  </datafield>
</record>
